000 00734nam a2200241 4500
003 OSt
005 20240624024034.0
006 a
008 240624b |||||||| |||| 00| 0 eng d
020 _a9780470593646
040 _aDWCL-Main lib.
_cOC
082 _aCirc. 658.4092 B261a 2011
100 _aBarner, Robert
245 _aAccelerating your development as a leader : a guide for leaders and their managers /
260 _aSan Francisco ;
_bJohn Wiley and Sons, Inc. ,
_cc2011.
300 _aviii,
_b252 p. ;
_c24 cm.
504 _aIncludes index.
650 _a1. Leadership.
650 _a2. Personal coaching.
650 _a3. Executive coaching.
650 _a4. Management.
942 _2ddc
_n0
_cBK-CIRC
_kCirc.
999 _c1190
_d1190